Periodismo político /

El rol de periodismo político y un análisis de cuál debería ser la preparación y la responsabilidad de un periodista que informa. Un caso emblemático: el del conflicto que se popularizó con el nombre "Gobierno versus campo".¦650

Guardado en:
Autor Principal: Busaniche, Gisela
Autor Corporativo: Canal Encuentro.
Formato: Deslizar
Publicado: Argentina, 2009
Series:En el Medio I
Materias:
Etiquetas: Agregar Etiqueta
Sin Etiquetas, Sea el primero en etiquetar este registro!
LEADER 01091ngm a22002895g 4500
001 CEM.cems023463
008 130507s2009##################0###0#####d
005 20250408165316.0
245 1 0 |a Periodismo político /  |c Gisela Busaniche. 
260 |a Argentina,  |c 2009 
300 |a 29'. 
490 0 |a En el Medio I 
538 |a Soporte: DVD - Color: Si - Grabación DRD. 
520 |a El rol de periodismo político y un análisis de cuál debería ser la preparación y la responsabilidad de un periodista que informa. Un caso emblemático: el del conflicto que se popularizó con el nombre "Gobierno versus campo".¦650 
590 |a Identificación anterior registrada en SIABUC: D89A. 
500 |a Consultar en ventanilla. 
100 1 |a Busaniche, Gisela 
710 2 |a Canal Encuentro. 
082 0 7 |/ BUS-1 
653 |a MEDIOS 
653 |a MEDIOS DE COMUNICACION 
653 |a PERIODISMO 
653 |a PRENSA 
653 |a POLITICA 
653 |a PERIODISMO POLITICO 
653 |a SERIE DE TELEVISIÓN 
859 |a CEMS  |b BIB. CEMS - Depto. Recursos Didacticos  |h 070  |i BUS-1  |k DRD  |p 2106.15  |t Ej.1